[Event "GER-chT U16"]
[Site "Darmstadt"]
[Date "2022.12.30"]
[Round "7"]
[White "Zobel, Christian Erik"]
[Black "Sanmugalingam, Kapirththan"]
[Result "1/2-1/2"]
[WhiteElo "1575"]
[BlackElo "1693"]
[PlyCount "42"]
[EventDate "2022.12.26"]
[EventType "team-swiss"]
[EventRounds "7"]
[EventCountry "GER"]
[SourceTitle "CBM 212 Extra"]
[Source "ChessBase"]
[SourceDate "2023.03.31"]
[SourceVersion "1"]
[SourceVersionDate "2023.03.31"]
[SourceQuality "1"]
[WhiteTeam "Lichtenberg Borussia"]
[BlackTeam "Neureut"]
[WhiteTeamCountry "GER"]
[BlackTeamCountry "GER"]

1. e4 c5 2. Nf3 d6 3. d4 cxd4 4. Nxd4 Nc6 5. c4 Nf6 6. Nc3 g6 7. Be2 Bg7 8. Be3 Bd7 9. f3 Rc8 10. 0-0 0-0 11. Qd2 a6 12. Rac1 Nxd4 13. Bxd4 Be6 14. Nd5 Nxd5 15. cxd5 Bxd4+ 16. Qxd4 Bd7 17. e5 dxe5 18. Qxe5 Qb6+ 19. Kh1 Rxc1 20. Rxc1 Qd6 21. f4 Rc8 1/2-1/2